000 00707nam a2200181 i 4500
001 45185
003 ES-MaACL
005 20230906161156.0
007 t|
008 030325s1965 sp ||||1| spa d
100 1 _aCirici, Alexandre.
_938890
245 1 0 _aEsgrafiados de Picasso en el Colegio Oficial de Arquitectos de Cataluña y Baleares /
_ctexto Alexandre Cirici ; fotografías F. Catalá Roca.
260 _a[Barcelona :
_bColegio Oficial de Arquitectos de Cataluña y Baleraes,
_c1965]
300 _a4 p., 10 pleg., 24 lám. ;
_c23 cm.
700 1 _aCatalà-Roca, Francesc.
_937014
710 2 _aColegio Oficial de Arquitectos de Cataluña y Baleares.
_92956
852 _aES-MaACL
_jC-28724
_bR.58174
999 _c45185
_d45185